Catálogo - Centro de Recursos para el Aprendizaje y la Investigación
Volver al Sitio - CRAI Biblioteca| 000 -CABECERA | |
|---|---|
| campo de control de longitud fija | 02052nam a2200373 4500 |
| 001 - NÚMERO DE CONTROL | |
| campo de control | 114287 |
| 003 - IDENTIFICADOR DEL NÚMERO DE CONTROL | |
| campo de control | DR-UNIBE |
| 005 - FECHA Y HORA DE LA ÚLTIMA TRANSACCIÓN | |
| campo de control | 20251210145159.0 |
| 008 - DATOS DE LONGITUD FIJA--INFORMACIÓN GENERAL | |
| campo de control de longitud fija | 251210b2025 gw ||||| |||| 00| 0 eng d |
| 020 ## - NÚMERO INTERNACIONAL ESTÁNDAR DEL LIBRO | |
| Número Internacional Estándar del Libro | 9783406840500 (C.H. Beck) |
| 020 ## - NÚMERO INTERNACIONAL ESTÁNDAR DEL LIBRO | |
| Número Internacional Estándar del Libro | 9781509996100 (Hart) |
| 040 ## - FUENTE DE LA CATALOGACIÓN | |
| Centro catalogador/agencia de origen | BIBLIOTECA UNIBE |
| Lengua de catalogación | spa |
| Centro/agencia transcriptor | BIBLIOTECA UNIBE |
| 041 ## - CÓDIGO DE LENGUA | |
| Código de lengua del texto/banda sonora o título independiente | eng |
| 082 ## - NÚMERO DE LA CLASIFICACIÓN DECIMAL DEWEY | |
| Número de edición | 22 |
| Número de clasificación | 347.09 C737g 2025 |
| 245 04 - MENCIÓN DE TÍTULO | |
| Título | The complete guide to the Willem C. Vis international commercial arbitration moot / |
| Mención de responsabilidad, etc. | Markus Altenkirch [y otros cuatro] |
| 246 3# - FORMA VARIANTE DE TÍTULO | |
| Título propio/Titulo breve | The complete but unofficial guide to the Willem C. Vis international commercial arbitration moot |
| 250 ## - MENCIÓN DE EDICIÓN | |
| Mención de edición | Octava edición |
| 260 ## - PUBLICACIÓN, DISTRIBUCIÓN, ETC. | |
| Lugar de publicación, distribución, etc. | München, Germany : |
| Nombre del editor, distribuidor, etc. | C. H. Beck ; $a Oxford, United Kingdom : |
| -- | Hart ; |
| Lugar de publicación, distribución, etc. | Baden-Baden, Germany : |
| Nombre del editor, distribuidor, etc. | Nomos, |
| Fecha de publicación, distribución, etc. | 2025 |
| 300 ## - DESCRIPCIÓN FÍSICA | |
| Extensión | xv, 260 páginas : |
| Otras características físicas | ilustraciones (algunas a color), mapas a color, retratos ; |
| Dimensiones | 23 cm |
| 505 0# - NOTA DE CONTENIDO CON FORMATO | |
| Nota de contenido con formato | Chapter I. The Vis Moot: a lifetime experience |<br/>Chapter II. The Vis Moot: facts and figures |<br/>Chapter III. How to start |<br/>Chapter IV. How to write effective memoranda |<br/>Chapter V. How to present your case before the Arbitral Tribunal |<br/>Chapter VI. Virtual hearings |<br/>Chapter VII. AI in the Vis Moot |<br/>Chapter VIII. Seven days in Vienna and Hong Kong |<br/>Chapter IX. Where to go from here |<br/>Chapter X. Coaching |<br/>Chapter XI. Views from the Dachgeschoss |<br/>Chapter XII. Views from around the world.<br/> |
| 611 20 - PUNTO DE ACCESO ADICIONAL DE MATERIA--NOMBRE DE REUNIÓN/CONGRESO | |
| Nombre de congreso/reunión o jurisdicción como elemento de entrada | Willem C. Vis International Commercial Arbitration Moot |
| 9 (RLIN) | 201434 |
| 650 #7 - PUNTO DE ACCESO ADICIONAL DE MATERIA--TÉRMINO DE MATERIA | |
| Fuente del encabezamiento o término | lemb |
| Término de materia o nombre geográfico como elemento de entrada | Arbitramento comercial internacional |
| Subdivisión de forma | Guías |
| 9 (RLIN) | 201458 |
| 650 #7 - PUNTO DE ACCESO ADICIONAL DE MATERIA--TÉRMINO DE MATERIA | |
| Fuente del encabezamiento o término | lemb |
| Término de materia o nombre geográfico como elemento de entrada | Tribunales internacionales |
| 650 #7 - PUNTO DE ACCESO ADICIONAL DE MATERIA--TÉRMINO DE MATERIA | |
| Término de materia o nombre geográfico como elemento de entrada | Mediación internacional |
| 653 ## - TÉRMINO DE INDIZACIÓN--NO CONTROLADO | |
| Término no controlado | Tribunales simulados |
| 655 #7 - TÉRMINO DE INDIZACIÓN--GÉNERO/FORMA | |
| Fuente del término | lemb |
| Datos o término principal de género/forma | Guías |
| 9 (RLIN) | 201459 |
| 700 1# - PUNTO DE ACCESO ADICIONAL--NOMBRE DE PERSONA | |
| Nombre de persona | Altenkirch, Markus |
| Término indicativo de función/relación | autor |
| 9 (RLIN) | 147464 |
| 700 1# - PUNTO DE ACCESO ADICIONAL--NOMBRE DE PERSONA | |
| Nombre de persona | Harbst, Ragnar |
| Término indicativo de función/relación | autor |
| 9 (RLIN) | 147465 |
| 700 1# - PUNTO DE ACCESO ADICIONAL--NOMBRE DE PERSONA | |
| Nombre de persona | Keilmann, Annette |
| Término indicativo de función/relación | autor |
| 9 (RLIN) | 147466 |
| 700 1# - PUNTO DE ACCESO ADICIONAL--NOMBRE DE PERSONA | |
| Nombre de persona | Reiser, Lisa |
| Término indicativo de función/relación | autor |
| 9 (RLIN) | 147467 |
| 700 1# - PUNTO DE ACCESO ADICIONAL--NOMBRE DE PERSONA | |
| Nombre de persona | Risse, Jörg, |
| Fechas asociadas al nombre | 1967- |
| Término indicativo de función/relación | autor |
| -- | editor |
| 9 (RLIN) | 201437 |
| 700 1# - PUNTO DE ACCESO ADICIONAL--NOMBRE DE PERSONA | |
| Nombre de persona | Bergsten, Eric E. |
| Término indicativo de función/relación | prologuista |
| 9 (RLIN) | 201440 |
| 942 ## - ELEMENTOS DE PUNTO DE ACCESO ADICIONAL (KOHA) | |
| Fuente del sistema de clasificación o colocación | Sistema de Clasificación Decimal Dewey |
| Tipo de ítem Koha | Libro (general) |
| Estado de retiro | Estado de pérdida | Fuente del sistema de clasificación o colocación | No para préstamo | Código de colección | Localización permanente | Fecha de adquisición | Total de préstamos | Signatura topográfica completa | Código de barras | Fecha visto por última vez | Número de copia | Precio válido a partir de | Tipo de ítem Koha |
|---|---|---|---|---|---|---|---|---|---|---|---|---|---|
| Disponible | Sistema de Clasificación Decimal Dewey | General | Biblioteca Central UNIBE | 10/12/2025 | 347.09 C737g 2025 | 251150 | 10/12/2025 | Ej. 1 | 10/12/2025 | Libro (general) |